| 000 | 00414nam a2200145 i 4500 | ||
|---|---|---|---|
| 001 | 90818 | ||
| 003 | ES-MaACL | ||
| 005 | 20230906180553.0 | ||
| 007 | t| | ||
| 008 | 050125s1972 sp ||||1| spa d | ||
| 245 | 0 | 0 |
_aLecturas cristianas para nuestro tiempo _b: (cuarto trimestre 1972). |
| 260 |
_aMadrid : _bApostolado de la Prensa, _c[1972] |
||
| 300 |
_a93 h. ; _c20 cm. |
||
| 852 |
_aES-MaACL _jC-49025 _bR.83460 |
||
| 999 |
_c90818 _d90818 |
||